=LDR 00000nam 2200000 4500 =001 INLIS000000000034598 =005 20130612140510 =008 ***********************************ind** =035 ##$$0010-061300000034598 =041 ##$$a ind =082 ##$$a 028.5 =090 ##$$a 028.5, Man,b =100 ##$$a Man-Kong, Mary =245 ##$$a Barbie In The 12 Dancing Princesses, Mary Man-Kong; Alih Bahasa, Ramayati =260 ##$$a 2008 $b Jakarta =300 ##$$a 23 hlm., Illus, 20 cm =650 ##$$a Bacaan Kanak-Kanak =700 ##$$a Ramayati =850 ##$$a NBPNMAT